000 00502nam a2200181Ia 4500
003 GCL
008 140319s9999 xx 000 0 eng d
040 _aGCL /
_cGCL
082 0 4 _a150:28'7
_bC P
100 1 _aCOHEN, RONALD JAY
245 1 0 _aPsychological Testing and Assessment /
_cCOHEN, RONALD JAY
700 1 _aSWERDLIK, MARK E.
700 1 _aSMITH, DOUGLAS K
260 _a[S.N] :
_bMAYFIELD PUBLISHING COMPANY ،
_c1991
300 _a886
650 0 4 _aPSYCHOLOGICAL TESTS
942 _2ddc
_cBK
999 _c16499
_d16499